| 000 | 00517nam a22001937a 4500 | ||
|---|---|---|---|
| 003 | UA-OsUOA | ||
| 001 | 44552 | ||
| 007 | ta | ||
| 008 | 20101110b un ||||| |||| 00| 0 ukr d | ||
| 090 |
_a27(477) _bТ44 |
||
| 942 | _cBR | ||
| 040 |
_aUA-OsUOA _bukr _cUA-OsUOA _dUA-OsUOA |
||
| 245 | _aТисячоліття християнства України | ||
| 955 | _a4 | ||
| 041 | _aukr | ||
| 080 | _a27(477) | ||
| 650 | 7 |
_a27 Загальна історія Християнської церкви _2UDC |
|
| 999 |
_c424626 _d424626 |
||